Statistics for 12 Modern Day European Countries That Existed in 1444

Click here to take the quiz!

General Stats

  • This quiz has been taken 1,117 times
    (724 since last reset)
  • The average score is 12 of 15

Answer Stats

Countries% Correct
France
96%
Sweden
91%
Denmark
89%
Portugal
88%
Norway
86%
Poland
86%
Austria
80%
Hungary
77%
Serbia
73%
Lithuania
71%
Switzerland
71%
Andorra
70%
Albania
68%
San Marino
68%
Bosnia
57%

Score Distribution

Percentile by Number Answered

Percent of People with Each Score

Your Score History

You have not taken this quiz since the last reset